000 00247nam a2200097Ia 4500
001 1102204
005 20250827003317.0
008 250824s9999 xx 000 0 und d
245 0 _aŞAMAN KIZ
_cAHMET HALDUN TERZİOĞLU
260 _bPANAMA YAYINLARI
999 _c1102204
_d1102204